LEADER 01306nam 2200385 450 001 9910397877603321 005 20201104122341.0 010 $a84-947639-3-8 035 $a(CKB)4100000009605780 035 $a(MiAaPQ)EBC6771100 035 $a(EXLCZ)994100000009605780 100 $a20201104d2017 uy 0 101 0 $aspa 135 $aurcnu|||||||| 181 $ctxt$2rdacontent/spa 182 $cc$2rdamedia/spa 183 $acr$2rdacarrier/spa 200 13$aEl arbitraje entre la autonomi?a de la voluntad de las partes y el control judicial /$fAna Ferna?ndez Pe?rez 210 1$aBarcelona :$cBosch Editor,$d2017. 215 $a1 recurso en li?nea (302 pa?ginas) 300 $aIncluye jurisprudencia relacionada. 311 $a84-947639-2-X 320 $aBibliografi?a: pa?ginas 267-302. I?ndice. 606 $aArbitraje$zEspan?a$vJurisprudencia 606 $aArbitration and award$zSpain 608 $aLibros electronicos. 615 4$aArbitraje 615 0$aArbitration and award 676 $a347.4609 700 $aFerna?ndez Pe?rez$b Ana /$c(abogado),$0972577 801 0$bFINmELB 906 $aBOOK 912 $a9910397877603321 996 $aEl arbitraje entre la autonomi?a de la voluntad de las partes y el control judicial$92212086 997 $aUNINA LEADER 00899nam0-2200265 --450 001 9910889874403321 005 20241023142535.0 100 $a20241023d1950----kmuy0itay5050 ba 101 0 $aeng 102 $aUS 105 $a 001yy 200 1 $aForage and pasture crops$e<>handbook of information about the grasses and legumes grown for forage in the United States$fby W.A. Wheeler 210 $aToronto [etc.]$cD. Van Nostrand Company$dc1950 215 $aXI, 752 p.$d24 cm 300 $aIn frontespizio: prepared under the auspicies of The Field Seed Institute of North America 610 0 $aPascoli 676 $a633.202$v19$zita 700 1$aWheeler,$bW.A.$01768289 801 0$aIT$bUNINA$gREICAT$2UNIMARC 901 $aBK 912 $a9910889874403321 952 $aA AGR 1506$b14186/2024$fFAGBC 959 $aFAGBC 996 $aForage and pasture crops$94224136 997 $aUNINA